Normal view
MARC view
Entry Personal Name
001 - CONTROL NUMBER
- control field: 20931
003 - CONTROL NUMBER IDENTIFIER
- control field: ARRUPE
005 - DATE AND TIME OF LATEST TRANSACTION
- control field: 20151104122225.0
008 - FIXED-LENGTH DATA ELEMENTS
- fixed length control field: 151104|| aca||aabn | a|a d
040 ## - CATALOGING SOURCE
- Original cataloging agency: ARRUPE
- Transcribing agency: ARRUPE
100 ## - HEADING--PERSONAL NAME
- Personal name: Roberts, S. C.
- Fuller form of name: (Sydney Castle),
- Dates associated with a name: 1887-1966.
670 ## - SOURCE DATA FOUND
- Source citation: Work cat.: (ARRUPE)0: Q, 1863-1944. 20929, Memories & opinions :, 1945.